University Home | Library Home | Institutional Repository

Resources inventory of Botswana : (Record no. 58101)

MARC details
000 -LEADER
fixed length control field 00982cam5a220027700 4500
001 - CONTROL NUMBER
control field lce01140899
008 - FIXED-LENGTH DATA ELEMENTS--GENERAL INFORMATION
fixed length control field 791018s1973 bs ab b f000 0 eng
010 ## - LIBRARY OF CONGRESS CONTROL NUMBER
LC control number 79316467
020 ## - INTERNATIONAL STANDARD BOOK NUMBER
Terms of availability R2.00
035 ## - SYSTEM CONTROL NUMBER
System control number (Sirsi) r75987
035 ## - SYSTEM CONTROL NUMBER
System control number (DLC) 79316467
035 ## - SYSTEM CONTROL NUMBER
System control number (UPRA)lce01140899
043 ## - GEOGRAPHIC AREA CODE
Geographic area code f-bs---
050 0# - LIBRARY OF CONGRESS CALL NUMBER
Classification number TN799.7.B55
Item number M37
100 1# - MAIN ENTRY--PERSONAL NAME
Personal name Massey, N. W. D.
Linkage A36222.1
245 10 - TITLE STATEMENT
Title Resources inventory of Botswana :
Remainder of title industrial rocks and minerals /
Statement of responsibility, etc. N. W. D. Massey.
260 ## - PUBLICATION, DISTRIBUTION, ETC.
Place of publication, distribution, etc. Lobatse :
Name of publisher, distributor, etc. Geological Survey Dept.,
Date of publication, distribution, etc. [1973]
490 1# - SERIES STATEMENT
Series statement Mineral resources report ; no. 3
500 ## - GENERAL NOTE
General note Cover title.
504 ## - BIBLIOGRAPHY, ETC. NOTE
Bibliography, etc. note Bibliography: p. 36-39.
650 #0 - SUBJECT ADDED ENTRY--TOPICAL TERM
Topical term or geographic name entry element Nonmetallic minerals -- Botswana.
Geographic subdivision Nonmetallic minerals -- Botswana.
Linkage S28344.1
650 #0 - SUBJECT ADDED ENTRY--TOPICAL TERM
Topical term or geographic name entry element Building stones -- Botswana.
Geographic subdivision Building stones -- Botswana.
Linkage S28345.1
830 #0 - SERIES ADDED ENTRY--UNIFORM TITLE
Uniform title Mineral resources report (Lobatse) ;
Volume/sequential designation no. 3.
Linkage S5961.1
949 ## - LOCAL PROCESSING INFORMATION (OCLC)
a TN799.7.B55
w lcc
m MAIN
t BOOK
l ON-SHELF

No items available.

© 2026 - The University of Zambia Library - Koha v25.11